| 000 | 004480000a22001810004500 | ||
|---|---|---|---|
| 999 |
_c47452 _d47452 |
||
| 001 | 195 | ||
| 003 | CO-MdFUSB | ||
| 005 | 20171017152330.0 | ||
| 008 | 171017b xxu||||| |||| 00| 0 eng d | ||
| 020 | _a958-04-1265-0 | ||
| 040 | _cCO-MdBIC | ||
| 082 | 0 | 4 | _a863N Se21e |
| 100 | 1 | _aSebestyen, Ouida | |
| 245 | 1 | 0 | _aEncerrada / Ouida Sebestyen, traduccĂon : Jorge Cardenas Nannetti |
| 260 | _aBogotá : Norma | ||
| 300 | _a253 P. | ||
| 942 | _cLGB | ||